000 00872cab a2200265 4500
001 WB2812-12
008 090401t1992 xxu||||| |||| 00| 0 eng d
035 _a(Sirsi) u59884
041 _aeng
245 _aEcolabel for wood
260 _c1992
350 _a0
490 _aTimes
_v16 March 1992, 2(1)
520 _aThe World Wide Fund for Nature UK and Friends of the Earth have attended an international meeting to set out standards for sustainable forestry as a foundation for the introduction of an ecolabel, whcih would guarantee consumers that wood came from a sustainable source.
650 _aECOLABELLING
650 _aFORESTRY
650 _aFRIENDS OF THE EARTH
650 _aGREEN ISSUES
650 _aSustainability
_96271
650 _aTIMBER
650 _aWORLD WIDE FUND FOR NATURE
690 _aCON
942 _n0
948 _c04/03/1997
999 _c36835
_d36835